Wo sie neue Wurzeln schlugen
| Titel: | Wo sie neue Wurzeln schlugen |
|---|---|
| Verfasser: | |
| In: |
Erfahrung und Zeugnis der Deutschen aus Polen, (1987), Seite 38-40 alle Artikel anzeigen |
| Veröffentlicht: | 1987 |
| Format: | Aufsatz |
| Sprache: | Deutsch |
X
alg: 39163623
001A $01999:11-11-16
001B $01999:25-04-21 $t10:53:22.000
001D $01999:11-11-16
001U $0utf8
001X $00
002@ $0Aox
003@ $0391636235
007A $0391636235 $aHEB
007T $0Herd78568
010@ $ager
011@ $a1987
021A $aWo sie neue Wurzeln schlugen
028A $aBreyer $dRichard
031A $h38-40 $j1987
039B $aIn $8--Aauc--. Erfahrung und Zeugnis der Deutschen aus Polen. - Berlin {[u.a.] : Westkreuz-Verl., 1987. - 171 S.. - zahlr. Ill.. - ISBN 3-922131-54-9 $x198700000000000962 $9007404484
045F $a306.09438 $eDDC23BSB
045F/01 $a306.09
045F/03 $g438
lok: 39163623 78
exp: 39163623 78 1 #EPN
201B/01 $019-04-17 $t10:18:44.000
201U/01 $0utf8
203@/01 $0787730718
208@/01 $a11-11-16 $be
209A/01 $a/ $f000 $x00
220C/01 $aTitelaufnehmer: cs
244Z/01 $2Trx $#Poola $#Lenkija $#Polija $#Polen Land $#Poland $#Lengyelország $#Poľsko $#Polsko $8--Trx--Polska$gkraj $x01 $9391345966
244Z/01 $aGeschichte 1945-1950 $x02
244Z/01 $2Trx $#sakslased $#vokiečiai $#Germans $#németek $#Niemcy narodowość $#Nemci $#Němci $8--Trx--Deutsche $x03 $9391356801
244Z/01 $2Trx $#pagendamine ümberasustamine 1938-1950 $#perkėlimai iškėlimai 1938-1950 $#expulsion resettlement 1938-1950 $#ethnic cleansing $#kiűzés áttelepítés 1938-1950 $#przesiedlenia wysiedlenia 1938-1950 $#odsun presídlenie 1938-1950 $#odsun přesídlení 1938-1950 $#Umsiedlung 1938-1950 $#wysiedlenia $#presídlenie 1938-1950 $8--Trx--Vertreibung$xUmsiedlung$g1938-1950 $x04 $9391362763
244Z/01 $2Trx $#integratsioonipoliitika, Saksa $#Vokietijos integracinė politika $#German integration policies $#integráció politika, német $#polityka narodowościowa, niemiecka $#politika integračná nemecká $#germanizační politika $#Germanisierungspolitik $#policy of integration, German $#germanizacja $#germanizačná politika $8--Trx--Integrationspolitik, deutsche $x05 $9391382144
244Z/01 $2Trx $8--Trx--Einzelbeiträge $x06 $9391384570
245Z/01 $a08.04.01 $x01
247C/01 $82080>Marburg/Lahn, Herder-Institut, Forschungsbibliothek, Bibliographieportal $9336309341
| LEADER | 00000caa a22000002c 4500 | ||
|---|---|---|---|
| 001 | 391636235 | ||
| 003 | DE-603 | ||
| 005 | 20210425105322.0 | ||
| 007 | tu | ||
| 008 | 161111s1987 xx |||| | u00||u|ger c | ||
| 035 | |a (DE-599)HEB391636235 | ||
| 040 | |a DE-603 |b ger |c DE-603 |d DE-603 | ||
| 041 | |a ger | ||
| 082 | 0 | 4 | |8 1\u |a 306.09438 |q DE-101 |2 23/BSB |
| 085 | |8 1\u |b 306.09 | ||
| 085 | |8 1\u |z 2 |s 438 | ||
| 100 | 1 | |a Breyer, Richard | |
| 245 | 0 | 0 | |a Wo sie neue Wurzeln schlugen |
| 264 | 0 | |c 1987 | |
| 773 | 0 | 8 | |i In |t Erfahrung und Zeugnis der Deutschen aus Polen |d Berlin [u.a.] : Westkreuz-Verl., 1987 |h 171 S., zahlr. Ill. |z 3922131549 |g (1987), Seite 38-40 |w (DE-603)007404484 |
| 924 | 0 | |9 2080 |a (DE-603)787730718 |b DE-2080 |c HES |d d |g / | |


